000 00493nam a2200205Ia 4500
008 240510s9999 xx 000 0 und d
020 _a0000713134577
041 _aEng
082 _a004.6
082 _bNS
100 _aCONNOR F.R.
245 0 _aMODULATION: INTRODUCTORY TOPICS IN ELECTRONICS AND TELECOMMUNICATION
250 _a2nd ed.
260 _bLONDON : EDWARD ARNOLD
260 _c1982
300 _a133 p.
650 _aTELECOMMUNICATION
942 _2ddc
942 _cLBK
999 _c25841
_d25841
945 _a1
_bMadushi Gamage
_c1
_dMadushi Gamage